Cagliari Calcio Squad 2016-2017 - Statistics

General Stats
  • This quiz has been taken 10 times
  • The average score is 16 of 31
Answer Stats
# Position Nation Player % Correct
21 MF Moldova Artur Ioniță
100%
1 GK Brazil Rafael
100%
2 DF Portugal Bruno Alves
89%
27 MF Italy Alessandro Deiola
78%
10 MF Italy João Pedro
78%
22 FW Italy Marco Borriello
78%
25 FW Italy Marco Sau
78%
35 DF Poland Bartosz Salamon
67%
17 FW Brazil Diego Farias
67%
32 FW North Korea Kwang-song Han
67%
3 MF Chile Mauricio Isla
67%
18 MF Italy Nicolò Barella
67%
9 FW Italy Federico Melchiorri
56%
28 GK Brazil Gabriel
56%
23 DF Italy Luca Ceppitelli
56%
32 FW Italy Niccolò Giannetti
56%
77 MF Greece Panagiotis Tachtsidis
56%
12 DF Belgium Senna Miangue
56%
19 DF Italy Fabio Pisacane
44%
24 DF Italy Marco Capuano
44%
30 GK Italy Marco Storari
44%
- Coach Italy Massimo Rastelli
44%
8 MF Italy Davide Di Gennaro
33%
29 DF Italy Nicola Murru
33%
4 MF Italy Daniele Dessena
22%
26 GK Italy Luca Crosta
22%
16 MF Italy Paolo Faragò
22%
20 MF Italy Simone Padoin
22%
13 GK Italy Roberto Colombo
11%
16 MF Italy Gianni Munari
0%
26 DF Italy Luca Bittante
0%
No matching quizzes found
Score Distribution
Percent of People with Each Score
Percentile by Number Answered
Your Score History
You have not taken this quiz